Pieces of April. (Record no. 110739)
[ view plain ]
| 000 -LEADER | |
|---|---|
| fixed length control field | 00343nam a2200145 a 4500 |
| 003 - CONTROL NUMBER IDENTIFIER | |
| control field | MO |
| 005 - DATE AND TIME OF LATEST TRANSACTION | |
| control field | 20170315085544.0 |
| 008 - FIXED-LENGTH DATA ELEMENTS--GENERAL INFORMATION | |
| fixed length control field | 100921s19uu xx 00 eng d |
| 050 ## - LIBRARY OF CONGRESS CALL NUMBER | |
| Classification number | TR |
| Item number | H11 1997 |
| 100 ## - MAIN ENTRY--PERSONAL NAME | |
| Personal name | Haeger, Diane |
| 245 #4 - TITLE STATEMENT | |
| Title | Pieces of April. |
| 260 ## - PUBLICATION, DISTRIBUTION, ETC. (IMPRINT) | |
| Place of publication, distribution, etc | New York : |
| Name of publisher, distributor, etc | HarperCollins, |
| Date of publication, distribution, etc | 1997. |
| 942 ## - ADDED ENTRY ELEMENTS (KOHA) | |
| Source of classification or shelving scheme | Dewey Decimal Classification |
| Koha item type | Books |
| Withdrawn status | Lost status | Source of classification or shelving scheme | Damaged status | Home library | Current library | Shelving location | Date acquired | Source of acquisition | Total Checkouts | Full call number | Barcode | Date last seen | Price effective from | Koha item type |
|---|---|---|---|---|---|---|---|---|---|---|---|---|---|---|
| Dewey Decimal Classification | Munich Library | Munich Library | Teachers Reference Section | 09/21/2010 | Library Fund | TR H11 1997 | M1222 | 04/14/2014 | 04/14/2014 | Books |